[Event "Penang op-B 9th"]
[Site "Penang"]
[Date "2017.12.07"]
[Round "6"]
[White "Tin, Shan Ze"]
[Black "Eng, Jia Jean"]
[Result "1/2-1/2"]
[WhiteElo "1393"]
[BlackElo "1504"]
[PlyCount "78"]
[EventDate "2017.12.04"]
[EventType "swiss"]
[EventRounds "9"]
[EventCountry "MAS"]
[SourceTitle "CBM 182 Extra"]
[Source "ChessBase"]
[SourceDate "2018.02.23"]
[SourceVersion "1"]
[SourceVersionDate "2018.02.23"]
[SourceQuality "1"]

1. d4 Nf6 2. c4 e6 3. Nc3 d5 4. e3 Be7 5. Nf3 0-0 6. Bd3 b6 7. 0-0 Bb7 8. b3 Nbd7 9. Bb2 c5 10. cxd5 Nxd5 11. Nxd5 Bxd5 12. Qe2 cxd4 13. Bxd4 Bf6 14. Bxf6 Qxf6 15. Nd4 Nc5 16. Bc4 Bb7 17. Rfd1 Rfd8 18. Rac1 Nd7 19. Ba6 Bxa6 20. Qxa6 Nc5 21. Qc4 Ne4 22. f3 Nd6 23. Qe2 Nf5 24. Nxf5 Qxf5 25. Qc4 Qe5 26. e4 g6 27. h3 Kg7 28. a4 h6 29. b4 h5 30. b5 h4 31. Qc6 Qf4 32. Qc3+ Kg8 33. Kh1 Rd6 34. Rxd6 Qxd6 35. Qc6 Qd8 36. Qc2 a6 37. Rd1 Qb8 38. bxa6 Rxa6 39. Rd4 Ra5 1/2-1/2